| 000 | 00411cam a22001097a 4500 | ||
|---|---|---|---|
| 008 | 180718b1952 xxu||||| |||| 00| 0 eng d | ||
| 082 | _aP4x42 Un3l | ||
| 245 |
_aSchool and life: a first enquiry into the transition from school to independent life: report _cby Her Majesty's Stationery Office |
||
| 260 |
_aLondon _bHer Majesty's Stationery Office _c1952 |
||
| 300 | _a96p. | ||
| 700 | _aHer Majesty's Stationery Offic | ||
| 999 |
_c414810 _d414810 |
||